Esquisse d'un tableau historique des progres de l'esprit humain / (Record no. 6605)

MARC details
000 -LEADER
campo de control de longitud fija 00778nam a2200229 i 4500
001 - NÚMERO DE CONTROL
campo de control 6605
003 - IDENTIFICADOR DE NÚMERO DE CONTROL
campo de control ES-MaACL
005 - FECHA Y HORA DE LA ÚLTIMA TRANSACCIÓN
campo de control 20250427062955.0
007 - CAMPO FIJO DE DESCRIPCIÓN FÍSICA--INFORMACIÓN GENERAL
campo de control de longitud fija t|
008 - DATOS DE LONGITUD FIJA--INFORMACIÓN GENERAL
campo de control de longitud fija 900118s1981 gw ||||1| fre d
020 ## - NÚMERO INTERNACIONAL ESTÁNDAR DEL LIBRO
Número Internacional Estándar del Libro 3-487-07041-3
080 ## - NÚMERO DE LA CLASIFICACIÓN DECIMAL UNIVERSAL
Número de la Clasificación Decimal Universal 008(100)
080 ## - NÚMERO DE LA CLASIFICACIÓN DECIMAL UNIVERSAL
Número de la Clasificación Decimal Universal 32:92 Condorcet
100 1# - ENTRADA PRINCIPAL--NOMBRE DE PERSONA
Nombre de persona Condorcet, Jean Antoine Nicolas de Caritat,
Títulos y otros términos asociados al nombre marquis de,
Fechas asociadas al nombre 1743-1794
9 (RLIN) 240091
245 10 - MENCIÓN DEL TÍTULO
Título Esquisse d'un tableau historique des progres de l'esprit humain /
Mención de responsabilidad, etc. Marie Jean Antoine Nicolas Caritat de Condorcet.
260 ## - PUBLICACIÓN, DISTRIBUCIÓN, ETC.
Lugar de publicación, distribución, etc. Hildesheim :
Nombre del editor, distribuidor, etc. Georg Olms,
Fecha de publicación, distribución, etc. 1981.
300 ## - DESCRIPCIÓN FÍSICA
Extensión 364 p. ;
Dimensiones 20 cm.
500 ## - NOTA GENERAL
Nota general Reprod. facs. de la ed. de 1795.
650 14 - PUNTO DE ACCESO ADICIONAL DE MATERIA--TÉRMINO DE MATERIA
Término de materia o nombre geográfico como elemento de entrada Civilización-
Subdivisión general Historia
9 (RLIN) 11082
852 ## - LOCALIZACIÓN
Ubicación ES-MaACL
Número de control de estantería L-13712
Sublocalización o colección R.117413
Nota libre . - rust.
Holdings
Estatus retirado Estado de pérdida Estado de daño No para préstamo Biblioteca de origen Biblioteca actual Ubicación en estantería Fecha de adquisición Fuente de adquisición Total de préstamos Signatura topográfica completa Código de barras Visto por última vez Precio de reemplazo Tipo de ítem Koha
        Biblioteca del Ateneo de Madrid Biblioteca del Ateneo de Madrid Depósito 2 17/01/2008     L-13712 1006728 23/02/2023 23/02/2023 Libro impreso